Waste management practices : municipal, hazardous, and industrial
Αποθηκεύτηκε σε:
| Κύριος συγγραφέας: | |
|---|---|
| Μορφή: | Βιβλίο |
| Γλώσσα: | English |
| Δημοσίευση: |
Boca Raton :
Taylor & Francis,
2005
|
| Θέματα: | |
| Ετικέτες: |
Προσθήκη ετικέτας
Δεν υπάρχουν, Καταχωρήστε ετικέτα πρώτοι!
|
MARC
| LEADER | 00000nam a2200000 i 4500 | ||
|---|---|---|---|
| 001 | 1/99806 | ||
| 008 | 081218s2005 eng d | ||
| 020 | |a 0-8493-3525-6 | ||
| 035 | |l 10102609 | ||
| 040 | |a GR-MY-UA |b gre |e aacr | ||
| 041 | 0 | |a eng | |
| 082 | 0 | |a 628.4 |2 (22) | |
| 100 | 1 | |a Pichtel, John |d 1957- | |
| 245 | 1 | 0 | |a Waste management practices : |b municipal, hazardous, and industrial / |c John Pichtel |
| 260 | |a Boca Raton : |b Taylor & Francis, |c 2005 | ||
| 300 | |a 659 σ.; |b εικ.; |c 27 εκ. | ||
| 504 | |a Περιέχει βιβλιογραφικές παραπομπές και ευρετήριο | ||
| 650 | 0 | 0 | |a Refuse and refuse disposal |x Management. |
| 650 | 0 | 0 | |a Hazardous wastes |x Management. |
| 650 | 0 | 0 | |a Factory and trade waste |x Management. |
| 852 | |a INST |b LESVOS |e 20081218 |h 628.4 PIC |p 005100043747 |q 005100043747 |t BK |y 0 | ||
| 901 | |a BIBL1-2008-3 | ||
| 909 | |a Λ |b 157655 | ||
| 920 | |a ΕΠΕΑΕΚ ΠΜΣ ΠΕΡΙΒΑΛΛΟΝΤΙΚΗ ΚΑΙ ΟΙΚΟΛΟΓΙΚΗ ΜΗΧΑΝΙΚΗ |y ΛΕΣΒΟΣ |z 2008-09 | ||
| 970 | |a ΚΑΡΑ |b ΓΙΑΣΕΜΗ |z 2008/12/18 | ||